• 首页
  • 本馆介绍
  • 公告通知
  • 最新文献
  • 馆藏检索
  • 电子资源
  • 读者导购
  • 参考咨询
  • 我的图书馆
  • 登录
  • 详细信息显示
  • 放入我的书架
  • 预约/预借图书
  • 作者相关作品
  • 分类相关作品
  • 丛书相关作品
  • 出版社相关作品

书目信息

  • 表格格式
  • 工作单格式
  • 卡片格式
题名:
日本文学的多元化表现研究
    
 
作者: 李星 著
分册:  
出版信息: 长春   吉林人民出版社  2023
页数: 181页
开本: 24cm
丛书名:
单 册:
中图分类: I313.06
科图分类:
主题词: 日本文学--文学研究
电子资源:
ISBN: 978-7-206-19113-8
000 00980nam0 2200229 450
001 2341005134
005 20231204112334.70
010    @a978-7-206-19113-8@dCNY58.00
100    @a20230313d2023 em y0chiy50 ea
101 0  @achi
102    @aCN@b220000
105    @ay az 000yy
200 1  @a日本文学的多元化表现研究@Ari ben wen xue de duo yuan hua biao xian yan jiu@f李星著
210    @a长春@c吉林人民出版社@d2023
215    @a181页@d24cm
320    @a有书目 (第177-181页)
330    @a本书在研究日本文学发展历程的基础上,从三岛由纪夫、石牟礼道子、有吉佐和子、青山七惠、东野圭吾、大江健三郎等日本著名作家,以及日本女性文学、海洋文学意象表达、日本生态文学、日本“物哀”审美意识、季节感与景物观等日本文学研究视角切入,分析其表现手法、地域特点和文学特征,展现日本文学多视角、多元素结合的多元魅力,对日本文学研究具有一定的参考价值。
606 0  @a日本文学@x文学研究
690    @aI313.06@v5
701  0 @a李星@Ali xing@4著
801  0 @aCN@b91MARC@c20230419
905    @aZUCC@dI313.06@e7
    
    日本文学的多元化表现研究/李星著.-长春:吉林人民出版社,2023
    181页;24cm
    
    
    ISBN 978-7-206-19113-8:CNY58.00
    本书在研究日本文学发展历程的基础上,从三岛由纪夫、石牟礼道子、有吉佐和子、青山七惠、东野圭吾、大江健三郎等日本著名作家,以及日本女性文学、海洋文学意象表达、日本生态文学、日本“物哀”审美意识、季节感与景物观等日本文学研究视角切入,分析其表现手法、地域特点和文学特征,展现日本文学多视角、多元素结合的多元魅力,对日本文学研究具有一定的参考价值。
●
相关链接 在五车中查询图书 在当当中查询图书 在豆瓣中查询图书


正题名:日本文学的多元化表现研究     索取号:I313.06/7         预约/预借

序号 登录号 条形码 馆藏地/架位号 状态 备注
1 2001258571   2001258571   辽宁北方(第一批)/辽宁北方(第一批)/129/ [索取号:I313.06/7] 在馆    
2 2001258572   2001258572   辽宁北方(第一批)/辽宁北方(第一批)/129/ [索取号:I313.06/7] 在馆    
3 2001258573   2001258573   辽宁北方(第一批)/辽宁北方(第一批)/129/ [索取号:I313.06/7] 在馆    
4 2001258574   2001258574   辽宁北方(第一批)/辽宁北方(第一批)/129/ [索取号:I313.06/7] 在馆    
5 2001258575   2001258575   辽宁北方(第一批)/辽宁北方(第一批)/129/ [索取号:I313.06/7] 在馆    
6 2001258576   2001258576   辽宁北方(第一批)/辽宁北方(第一批)/129/ [索取号:I313.06/7] 在馆    
山东省滨州职业学院图书馆 欢迎您!
大连网信软件有限公司© 版权所有